| 000 | 00602nam a22001577a 4500 | ||
|---|---|---|---|
| 005 | 20120518162816.0 | ||
| 020 |
_a812032305X _c295.00 |
||
| 035 | _aB-106253 | ||
| 037 |
_aDPL _bENG |
||
| 100 |
_aBumas, Lester O. _947406 |
||
| 245 |
_aIntermediate microeconomics : _bNeoclassical and factually-oriented models / _cby Lester O. Bumas |
||
| 260 |
_aNew Delhi _bPrentice-Hall of India _c2003 |
||
| 300 |
_axxviii, 525p. _c22 cms. |
||
| 942 |
_2ddc _cEN _h338.5 _mBUM |
||
| 999 |
_c66877 _d66877 |
||